Vượt qua stress trong cuộc sống hiện đại
Cuộc sống ngày nay luôn biến chuyển không ngừng từ công việc đến sinh hoạt. Càng ngày càng có thêm nhiều yếu tố mới dẫn đến stress: điện thoại, máy tính, cạnh tranh... Nhiều biến cố trong đời sống đều có thể gây ra stress: kết hôn, sinh...
Đã lưu trong:
| 主要作者: | |
|---|---|
| 其他作者: | |
| 格式: | 圖書 |
| 語言: | Vietnamese |
| 出版: |
Tp. Hồ Chí Minh
Trẻ
2009
|
| 主題: | |
| 標簽: |
添加標簽
沒有標簽, 成為第一個標記此記錄!
|
| Thư viện lưu trữ: | Thư viện Trường Đại học Nam Cần Thơ |
|---|
| LEADER | 02026nam a22002537a 4500 | ||
|---|---|---|---|
| 001 | NCT_71585 | ||
| 008 | 191015b xxu||||| |||| 00| 0 vie d | ||
| 999 | |c 3481 |d 3481 | ||
| 020 | |c 13000 | ||
| 082 | 0 | 4 | |2 23rd ed. |a 613.6 |b T450 |
| 100 | 1 | |a Westcott, Patsy | |
| 245 | 1 | 0 | |a Vượt qua stress trong cuộc sống hiện đại |c Patsy Westcott ; Huyền Tố (biên soạn, dịch) |
| 260 | |a Tp. Hồ Chí Minh |b Trẻ |c 2009 | ||
| 300 | |a 131 tr. |b minh họa, biểu bảng |c 21cm | ||
| 520 | 3 | |a Cuộc sống ngày nay luôn biến chuyển không ngừng từ công việc đến sinh hoạt. Càng ngày càng có thêm nhiều yếu tố mới dẫn đến stress: điện thoại, máy tính, cạnh tranh... Nhiều biến cố trong đời sống đều có thể gây ra stress: kết hôn, sinh con, bệnh tật... Vậy làm thế nào để thư giãn và giảm stress trong cuộc sống hiện nay? Quyển sách này sẽ hướng dẫn bạn làm được điều đó. | |
| 653 | |a Sách tham khảo | ||
| 700 | 0 | |a Huyền Tố |e Biên soạn, dịch | |
| 942 | |2 ddc |c BK | ||
| 952 | |0 0 |1 0 |2 ddc |4 0 |6 613_600000000000000_T450 |7 0 |9 18200 |a 000001 |b 000001 |d 2019-10-15 |o 613.6 T450 |p TK.01852 |r 2019-10-15 |v 13000.00 |w 2019-10-15 |y BK | ||
| 952 | |0 0 |1 0 |2 ddc |4 0 |6 613_600000000000000_T450 |7 0 |9 18201 |a 000001 |b 000001 |d 2019-10-15 |o 613.6 T450 |p TK.01853 |r 2019-10-15 |v 13000.00 |w 2019-10-15 |y BK | ||
| 952 | |0 0 |1 0 |2 ddc |4 0 |6 613_600000000000000_T450 |7 0 |9 18202 |a 000001 |b 000001 |d 2019-10-15 |o 613.6 T450 |p TK.01854 |r 2019-10-15 |v 13000.00 |w 2019-10-15 |y BK | ||
| 952 | |0 0 |1 0 |2 ddc |4 0 |6 613_600000000000000_T450 |7 0 |9 18203 |a 000001 |b 000001 |d 2019-10-15 |o 613.6 T450 |p TK.01855 |r 2019-10-15 |v 13000.00 |w 2019-10-15 |y BK | ||
| 952 | |0 0 |1 0 |2 ddc |4 0 |6 613_600000000000000_T450 |7 0 |9 18204 |a 000001 |b 000001 |d 2019-10-15 |o 613.6 T450 |p TK.01856 |r 2019-10-15 |v 13000.00 |w 2019-10-15 |y BK | ||
| 980 | |a Thư viện Trường Đại học Nam Cần Thơ | ||